01196nam a2200241 a 450000100100000000500170001000800410002702000180006804000250008608200150011110000470012624500840017326000660025730000270032350000630035050000740041350000600048750400300054795201280057795201130070595201190081899900170093700004600320201002052556.0150610s2015 dr a 000 0 spa d a9789945082920 aDO-SdBNPbspacBNPHU axxxxbxxxx1 aHernández Figuroa, Alfredo Rafael97407413aEl militarismo en la sociedad dominicana /cAlfredo Rafael Hernández Figuroa. aLa Vega, República Dominicana :bEdiciones Alfredos,c2015. a46 p. :bil. ;c20 cm. aLa biblioteca posee 2 ejemplares autografiado por el autor aIncluye referencias bibliográficas y notas al pie de las páginas. aCincuenta años en la educación y el arte de La Vega aBibliografía : p. 45-46 001054708DSaGRbGRcCTd2015-06-10iLF1l0oxxxx xxxxp46003-30r2020-06-25te. 3w2020-06-25yLFDSZPréstamo en sala 0010718PDaPDbPDcCTd2015-06-10iLF1l0oxxxx xxxxp46003-10r2020-06-25w2020-06-25yLFPDZNo se presta 0010718PDaPDbPDcCTd2015-06-10iLF1l0oxxxx xxxxp46003-20r2020-06-25te. 2w2020-06-25yLFPDZNo se presta c45492d45492